MARC

LEADER 00000nam0a2200000 4500
001 145356
005 20231031144035.0
035 |a (RuTPU)RU\TPU\book\157559 
090 |a 145356 
100 |a 20081016d1948 m y0rusy50 ca 
101 0 |a rus 
102 |a RU 
105 |a a z 001zy 
200 1 |a Технологичность литых деталей  |f Н. Ф. Косариков, Н. Н. Смеляков, Б. А. Носков 
210 |a Свердловск  |c Машгиз  |d 1948  |a Москва 
215 |a 134 с.  |c ил. 
320 |a Библиогр.: с. 133. 
610 1 |a литые детали 
610 1 |a технологичность 
610 1 |a технологии 
610 1 |a конструкции 
610 1 |a конструирование 
675 |a 621.74.06  |v 3 
700 1 |a Косариков  |b Н. Ф. 
701 1 |a Смеляков  |b Н. Н. 
701 1 |a Носков  |b Б. А. 
801 1 |a RU  |b 63413507  |c 20081016  |g PSBO 
801 2 |a RU  |b 63413507  |c 20081204  |g PSBO 
942 |c BK